| 000 | 00826nam a22002297a 4500 | ||
|---|---|---|---|
| 005 | 20100814095637.0 | ||
| 010 | _aENG-100435 | ||
| 020 | _c250.00 | ||
| 035 | _aEN-83968 | ||
| 037 | _aDBAD/PUB | ||
| 082 | _a346.7303 | ||
| 100 |
_aAdenwalla, Maharukh _913353 |
||
| 245 |
_aChild sexual abuse & the law / _cby Maharukh Adenwalla |
||
| 260 |
_aMumbai _bIndian Centre for Humman Right and law _c2000 |
||
| 270 |
_aCVOD Jain School, 4th Floor 84 Samuel Street (Hazrat Abbas Street) Dongri _bMumbai _e400009 |
||
| 300 |
_a266 p. _c20cm (Pbk) |
||
| 500 | _aIncludes index | ||
| 650 |
_aChild sexual abuse _913354 |
||
| 700 | _912834 | ||
| 942 |
_2ddc _cEN _h346.7303 _mADE |
||
| 999 |
_c41892 _d41892 |
||